Geography Quiz

Random Geography or Blitz Quiz

Blitz: Name a US State II Quiz Stats

 Plays Quiz Updated Jun 8, 2018

Support Sporcle.
Go Orange.
Score 0/30 Timer 04:00
0 Plays Today
Clue Answer % Correct
States not in the contiguous 48 states (2)Alaska, Hawaii
98.5%
States which border North Carolina (4)Georgia, South Carolina, Tennessee, Virginia
98.4%
States whose names end with 'O' (4)Colorado, Idaho, New Mexico, Ohio
97.9%
States with populations under 1 million, 2010 (7)Wyoming, Vermont, North Dakota, Alaska, South Dakota, Delaware, Montana
95.7%
States ranking in top 5 in Gross State Product (state GDP), 2010 (5)California, Texas, New York, Florida, Illinois
95.7%
States whose total area is less than 1% water (10)Arizona, Colorado, Idaho, Iowa, Kansas, Nebraska, Nevada, New Mexico, West Virginia, Wyoming
92.9%
States containing the 50 highest mountain summits in US (4)Alaska, California, Colorado, Washington
89.2%
States whose capital names end in '-polis' (2)Indiana, Maryland
86.8%
States whose capital names end in 'City' (4)Missouri, Nevada, Oklahoma, Utah
85.6%
States which EITHER Colorado River flows through OTHER than Colorado (4)California, Arizona, Nevada, Texas, Utah
77.2%
States where 65%+ of adult population is clinically overweight, 2008 (6)Mississippi, West Virginia, Kentucky, Alabama, South Carolina, Tennessee
71.9%
States whose capitals lie one mile or more above sea level (3)New Mexico, Wyoming, Colorado
69.1%
States ranking in top 5 in incarceration rate, 2008 (5)Louisiana, Mississippi, Oklahoma, Texas, Alabama
62.2%
States admitted to the Union in 1787 (3)Delaware, Pennsylvania, New Jersey
60.1%
States with no general state sales tax (5)Alaska, Delaware, Montana, New Hampshire, Oregon
54.8%
Clue Answer % Correct
States ranking in top 5 in life expectancy, 2005 (5)Hawaii, Minnesota, Connecticut, North Dakota, Massachusetts
54.3%
States containing a Delaware County (6)Indiana, Iowa, New York, Ohio, Oklahoma, Pennsylvania
44.6%
State whose official Postal Code is two vowels (1)Iowa
44.5%
States ranking in top 5 in total fertility rate, 2008 (5)Utah, Idaho, Alaska, Texas, South Dakota
43.8%
State with officially legalized prostitution (1)Nevada
42.9%
States containing an Ohio County (3)Indiana, Kentucky, West Virginia
34.8%
States whose state flags contain NO blue (4)Alabama, California, Maryland, New Mexico
32.7%
States which have Official Dinosaurs (6)Colorado, Maryland, Missouri, New Jersey, Texas, Wyoming
32%
States with no official position of Poet Laureate (8)Hawaii, Massachusetts, Michigan, New Jersey, New Mexico, Ohio, Pennsylvania
30.9%
State whose flag contains the picture of a President (1)Washington
20.7%
States whose official flower is a type of rose (4)Georgia, Iowa, New York, North Dakota
15.3%
States with official State Bats (the mammal) (3)Oklahoma, Texas, Virginia
11.5%
State whose flag has 5 sides (1)Ohio
10.9%
State whose legislature is constitutionally unicameral & nonpartisan (1)Nebraska
8.9%
States whose official bird is the American Robin (3)Connecticut, Michigan, Wisconsin
7%

You're not logged in!

Compare scores with friends on all Sporcle quizzes.
OR
Log In

From the Vault

Oceanian Country Letter Pair Blitz

by sproutcm

Some of these pairs are separated by thousands of miles of ocean, though.
Remove Ads.
Support Sporcle.
Get the best of Sporcle when you Go Orange. This ad-free experience offers more features, more stats, and more fun while also helping to support Sporcle. Thank you for becoming a member.

Show Comments

Extras

Top Quizzes Today


Score Distribution

Your Account Isn't Verified!

In order to create a playlist on Sporcle, you need to verify the email address you used during registration. Go to your Sporcle Settings to finish the process.

Report this User

Report this user for behavior that violates our Community Guidelines.

Details: